| 000 | 00725nam a22001697a 4500 | ||
|---|---|---|---|
| 003 | macl | ||
| 005 | 20150628143908.0 | ||
| 008 | 150628b xxu||||| |||| 00| 0 eng d | ||
| 040 | _cmacl | ||
| 041 | _aHindi | ||
| 082 | _a741.62 | ||
| 100 |
_aबचिंत कौर, कमल चमौला, सुकुमार राय _9333 |
||
| 245 | _aपांच बेटाें का पिता, अनोखा उपहार, पगला दासू | ||
| 260 |
_aनई दिल्ली _bनेशनल बुक टस्ट, चिल्डन बुक टस्ट, उदगम प्रकाशन _c2004, 2008, 2009 |
||
| 650 |
_aचिल्डन बुक _9314 |
||
| 942 |
_2ddc _cHIN |
||
| 999 |
_c49928 _d49928 |
||